000 00695nam a22002537a 4500
001 BR9510327
003 BR-BrBNA
005 20230928094821.0
007 ta
008 230509b bl.||||| |||| 00| 0 por d
040 _aBR-BrBNA
_bpor
_cBiblioteca Nacional de Agricultura
041 _a(Por)
072 _aN01; N20
090 _ N01 BR9510327
100 1 _aKlingensteiner, P.
245 1 _aUtilizacao supra-empresarial de maquinas e equipamentos agricolas no sul do Brasil
260 3 _aEschborn (Germany):
_c1986.
300 _a256 p.
500 _a11 ref.
650 _aMecanizacao Agricola
650 _aRio Grande do Sul
909 _a202309
_bLucia
_c55
_dLucia Elande
942 _cBK
999 _c52814
_d52814